000 00492nam a2200169Ia 4500
999 _c25898
_d25898
003 OSt
005 20231215101658.0
008 190216s9999||||xx |||||||||||||| ||und||
040 _coclc
082 _a894.8128
_bAZH/T
100 0 _aAzheekode, Sukumar
_d1926-2012
_91868
245 0 _aTatvamasi /
_cSukumar Azhikode
260 _bNational Book Stall,
_aKottayam:
_c1986.
300 _a358p
650 _aPhilosophy
942 _cBK
_2ddc
_h894.8128
_iAZH/T
_k894.8128
_mAZH/T